[Event "London Classic U2050 op 10th"]
[Site "London"]
[Date "2018.12.16"]
[Round "4"]
[White "Wu, Haotian"]
[Black "Kreckovic, Milos"]
[Result "1/2-1/2"]
[WhiteElo "1786"]
[BlackElo "2189"]
[PlyCount "46"]
[EventDate "2018.12.14"]
[EventType "swiss"]
[EventRounds "5"]
[EventCountry "ENG"]
[SourceTitle "CBM 187 Extra"]
[Source "ChessBase"]
[SourceDate "2018.11.04"]
[SourceVersion "1"]
[SourceVersionDate "2018.11.04"]
[SourceQuality "1"]

1. d4 Nf6 2. c4 e6 3. Nf3 d5 4. Bf4 Be7 5. Nc3 0-0 6. e3 Nbd7 7. Bd3 a6 8. a4 c5 9. 0-0 cxd4 10. exd4 dxc4 11. Bxc4 Nb6 12. Bd3 Nbd5 13. Be5 Bd7 14. Rc1 Bc6 15. Bb1 Rc8 16. Ng5 h6 17. Nxd5 Qxd5 18. Nf3 Rfd8 19. Qd3 Qe4 20. Qb3 Qg4 21. h3 Qh5 22. Nh2 Bd5 23. Qe3 Qg5 1/2-1/2

[Event "Belgrade-chT Quality"]
[Site "Belgrade"]
[Date "2011.10.22"]
[Round "3"]
[White "Kreckovic, Milos"]
[Black "Stankovic, Tomislav"]
[Result "1-0"]
[WhiteElo "2204"]
[BlackElo "2052"]
[PlyCount "105"]
[EventDate "2011.10.15"]
[EventType "team-swiss"]
[EventRounds "11"]
[EventCountry "SRB"]
[SourceTitle "EXT 2012"]
[Source "ChessBase"]
[SourceDate "2011.11.24"]
[SourceVersion "1"]
[SourceVersionDate "2011.11.24"]
[SourceQuality "1"]

1. d4 Nf6 2. Nf3 g6 3. g3 Bg7 4. Bg2 0-0 5. 0-0 d6 6. b3 Na6 7. Bb2 c5 8. Nbd2 Rb8 9. a4 Bf5 10. Re1 Bd7 11. e4 cxd4 12. Bxd4 b6 13. Nc4 Ne8 14. Qe2 Nb4 15. Bxg7 Nxg7 16. Rad1 Qc7 17. Qd2 Nc6 18. e5 d5 19. Qxd5 Be6 20. Qe4 Bf5 21. Qe2 Rbd8 22. Rxd8 Rxd8 23. Rd1 Bg4 24. Rxd8+ Qxd8 25. Qd2 Qxd2 26. Nfxd2 Nd4 27. Ne3 Bd7 28. Be4 Kf8 29. f4 Nge6 30. Kf2 Nc5 31. Bd5 h5 32. Ne4 Na6 33. c3 Nf5 34. Bc4 Nc7 35. Nxf5 Bxf5 36. Ke3 Bxe4 37. Kxe4 e6 38. b4 Ke7 39. Bb3 Kd7 40. Kd4 Ke7 41. Bc4 Kd8 42. Ba2 Ke7 43. Bb1 Kd8 44. Be4 Kd7 45. Bb7 Ne8 46. c4 Ng7 47. Be4 Kc7 48. c5 Ne8 49. Kc4 Kd7 50. cxb6 axb6 51. Kb5 Kc7 52. a5 bxa5 53. bxa5 1-0